[Event "World Cup 2009"]
[Site "0:03.23-0:04.15"]
[Date "2009.11.24"]
[Round "21"]
[White "Ivanchuk, Vassily"]
[Black "So, Wesley"]
[Result "0-1"]
[WhiteElo "2739"]
[WhiteCountry "UKR"]
[BlackElo "2640"]
[BlackCountry "PHI"]
[Remark "WCC 2009 Match 006"]
[PresId "1000210006"]

1. e4 e6 2. d4 d5 3. Nc3 Bb4 4. exd5 exd5 5. Bd3 Nf6 6. Ne2 O-O 7. O-O
Bg4 8. f3 Bh5 9. Nf4 Bg6 10. Nxg6 hxg6 11. Bg5 c6 12. f4 Qb6 13. Na4
Qxd4+ 14. Kh1 Ne4 15. c3 Nf2+ 16. Rxf2 Qxf2 17. cxb4 f6 18. Qg4 fxg5
19. Qe6+ Kh8 20. Nc5 Qxb2 21. Qh3+ Kg8 22. Qe6+ Kh8 23. Rf1 Qf6 24.
Qh3+ Kg8 25. g3 Re8 26. Nxb7 gxf4 27. Rxf4 Re1+ 28. Kg2 Qe6 29. Qxe6+
Rxe6 30. Nc5 Re7 31. b5 Nd7 32. Nxd7 Rxd7 33. bxc6 Rd6 34. Bb5 Re8 35.
Rd4 Kf7 36. Rf4+ Ke6 37. Rg4 Ke5 38. Kf3 Rf6+ 39. Ke3 0-1
*

[Event "World Cup 2009"]
[Site "0:34.36-0:04.00"]
[Date "2009.11.24"]
[Round "21"]
[White "Yu, Yangyi"]
[Black "Bartel, Mateusz"]
[Result "1-0"]
[WhiteElo "2527"]
[WhiteCountry "CHN"]
[BlackElo "2618"]
[BlackCountry "POL"]
[Remark "WCC 2009 Match 016"]
[PresId "1000210016"]

1. Nf3 Nf6 2. g3 b5 3. Bg2 Bb7 4. Na3 a6 5. c4 c6 6. O-O g6 7. d3 Bg7
8. e4 d6 9. e5 dxe5 10. Nxe5 Nfd7 11. d4 O-O 12. Bf4 Nxe5 13. Bxe5
Bxe5 14. dxe5 Qc7 15. e6 fxe6 16. Qb3 Rf6 17. Rac1 c5 18. cxb5 Bxg2
19. Kxg2 Nd7 20. f4 Rb8 21. Rfe1 Kf7 22. Kg1 axb5 23. Nxb5 Qb6 24. a4
c4+ 25. Qe3 Nc5 26. Rxc4 Nxa4 27. Nd4 Nxb2 28. Rc6 Qa7 29. Rxe6 Rb7
30. Kh1 Rd7 31. Rxf6+ Kxf6 32. Qe5+ Kf7 33. Ne6 Qb7+ 34. Kg1 Qb6+ 35.
Kg2 Rd2+ 36. Kh3 Qd6 37. Qh8 Qxe6+ 38. Rxe6 Kxe6 39. Qc3 Re2 40. Qf3
1-0
*

[Event "World Cup 2009"]
[Site "0:01.07-0:01.20"]
[Date "2009.11.24"]
[Round "22"]
[White "Laznicka, Viktor"]
[Black "Morozevich, Alexander"]
[Result "1-0"]
[WhiteElo "2637"]
[WhiteCountry "CZE"]
[BlackElo "2750"]
[BlackCountry "RUS"]
[Remark "WCC 2009 Match 004"]
[PresId "1000220004"]

1. Nf3 c5 2. c4 g6 3. d4 Bg7 4. e4 d6 5. d5 e6 6. Bd3 Ne7 7. O-O h6 8.
Nc3 O-O 9. Be3 exd5 10. Nxd5 Nbc6 11. Qd2 g5 12. h3 Nxd5 13. cxd5 Ne7
14. Rae1 b6 15. b4 Rb8 16. Nh2 Ng6 17. Ng4 Bxg4 18. hxg4 Qd7 19. f3
Qa4 20. Rb1 Rfc8 21. Rfc1 Bd4 22. Bxd4 cxd4 23. Bf1 Qa3 24. Rc6 Rxc6
25. dxc6 Rc8 26. Rb3 Qa4 27. b5 Ne5 28. Rb4 Qa3 29. Rxd4 a6 30. Rxd6
axb5 31. Rd8+ Rxd8 32. Qxd8+ Kh7 33. c7 Qe3+ 34. Kh1 Qe1 35. c8Q Qxf1+
36. Kh2 Nxf3+ 37. Kg3 Qe1+ 38. Kxf3 Qf1+ 39. Ke3 Qg1+ 1-0
*

[Event "World Cup 2009"]
[Site "0:19.09-0:00.53"]
[Date "2009.11.24"]
[Round "22"]
[White "Tkachiev, Vladislav"]
[Black "Grischuk, Alexander"]
[Result "1/2-1/2"]
[WhiteElo "2642"]
[WhiteCountry "FRA"]
[BlackElo "2736"]
[BlackCountry "RUS"]
[Remark "WCC 2009 Match 008"]
[PresId "1000220008"]

1. d4 Nf6 2. c4 g6 3. Nf3 Bg7 4. g3 c6 5. Nc3 d5 6. cxd5 cxd5 7. Bg2
O-O 8. Ne5 e6 9. O-O Nfd7 10. f4 Nc6 11. Kh1 Ndxe5 12. dxe5 b6 13. Be3
Ba6 14. Bf2 Rc8 15. Rc1 Qd7 16. Qa4 Nb8 17. Qxd7 Nxd7 18. Rfd1 f5 19.
e4 fxe4 20. Bh3 Rce8 21. Nxe4 Nxe5 22. Ng5 Nd3 23. Rc2 Nxf2+ 24. Rxf2
Bc8 25. Rc2 h6 26. Rxc8 hxg5 27. Rc6 1/2-1/2
*

[Event "World Cup 2009"]
[Site "1:30.30-1:30.30"]
[Date "2009.11.24"]
[Round "22"]
[White "Bartel, Mateusz"]
[Black "Yu, Yangyi"]
[Result "1/2-1/2"]
[WhiteElo "2618"]
[WhiteCountry "POL"]
[BlackElo "2527"]
[BlackCountry "CHN"]
[Remark "WCC 2009 Match 016"]
[PresId "1000220016"]

1. c4 e6 2. Nc3 d5 3. d4 Nf6 4. e3 Nbd7 5. Bd2 a6 6. cxd5 exd5 7. g4
b5 8. Bg2 Bb7 9. f3 h6 10. Nge2 b4 11. Na4 Bd6 12. Qc2 a5 13. Ng3 g6
14. Nc5 Bxc5 15. dxc5 Ba6 16. Kf2 Ne5 17. a3 O-O 18. Bf1 Bb7 19. axb4
axb4 20. Rxa8 Bxa8 21. Bg2 d4 22. Rd1 Nfxg4+ 23. fxg4 Nxg4+ 24. Ke1
Bxg2 25. Bc1 Bf3 26. Rxd4 Qe7 27. e4 Rd8 28. Rxd8+ Qxd8 29. Qb3
1/2-1/2
*

[Event "World Cup 2009"]
[Site "0:50.47-0:26.22"]
[Date "2009.11.24"]
[Round "22"]
[White "Jobava, Baadur"]
[Black "Iturrizaga, Eduardo"]
[Result "1-0"]
[WhiteElo "2696"]
[WhiteCountry "GEO"]
[BlackElo "2605"]
[BlackCountry "VEN"]
[Remark "WCC 2009 Match 025"]
[PresId "1000220025"]

1. d4 Nf6 2. Nf3 e6 3. c4 b6 4. a3 Ba6 5. Qc2 Bb7 6. Nc3 c5 7. e4 cxd4
8. Nxd4 Nc6 9. Nxc6 Bxc6 10. Bf4 Nh5 11. Bd2 Qc7 12. Nd5 Qb7 13. Bd3
Bd6 14. O-O Qb8 15. g3 exd5 16. exd5 Bb7 17. Rfe1+ Kd8 18. Bc3 Nf6 19.
b4 Qc7 20. Qb2 Kc8 21. Bxf6 gxf6 22. Qxf6 Rd8 23. Rac1 Bf8 24. c5 bxc5
25. bxc5 a5 26. c6 dxc6 27. dxc6 Ba6 28. Bf5+ Kb8 29. Qxd8+ Qxd8 30.
c7+ 1-0
*

[Event "World Cup 2009"]
[Site "0:25.10-0:25.10"]
[Date "2009.11.26"]
[Round "23"]
[White "Svidler, Peter"]
[Black "Nyback, Tomi"]
[Result "1-0"]
[WhiteElo "2754"]
[WhiteCountry "RUS"]
[BlackElo "2628"]
[BlackCountry "FIN"]
[Remark "WCC 2009 Match 003"]
[PresId "1000230003"]

1. e4 e5 2. Nf3 Nc6 3. Bb5 a6 4. Ba4 Nf6 5. O-O Be7 6. Re1 b5 7. Bb3
O-O 8. h3 Bb7 9. d3 d6 10. a4 Na5 11. Ba2 c5 12. Nbd2 b4 13. c3 Rc8
14. Nf1 bxc3 15. bxc3 c4 16. Ng3 cxd3 17. Qxd3 Nd7 18. Be3 Nc5 19.
Bxc5 Rxc5 20. Nf5 Qc7 21. Red1 Rd8 22. Rab1 Kf8 23. Qe2 Bf6 24. Nh2
Rxc3 25. Ng4 Bg5 26. h4 Rc2 27. Qd3 Rc3 28. Qe2 Rc2 29. Qd3 Bf4 30. g3
Rxa2 31. gxf4 Rxa4 32. Rbc1 Rc4 33. Qa3 Bxe4 34. Nxd6 Rxd6 35. fxe5
Rxc1 36. Rxc1 Nc4 37. Rxc4 Qxc4 38. exd6 Qd4 39. d7+ Kg8 40. Qa4 Qd2
41. Qxe4 1-0
*

[Event "World Cup 2009"]
[Site "0:02.24-0:04.42"]
[Date "2009.11.26"]
[Round "23"]
[White "Bologan, Viktor"]
[Black "Cheparinov, Ivan"]
[Result "1/2-1/2"]
[WhiteElo "2692"]
[WhiteCountry "MDA"]
[BlackElo "2671"]
[BlackCountry "BUL"]
[Remark "WCC 2009 Match 029"]
[PresId "1000230029"]

1. e4 e5 2. Nf3 Nc6 3. Bb5 a6 4. Ba4 Nf6 5. O-O Be7 6. Re1 b5 7. Bb3
d6 8. c3 O-O 9. h3 Re8 10. d4 Bb7 11. Nbd2 Bf8 12. a3 h6 13. Bc2 d5
14. dxe5 Nxe5 15. Nxe5 Rxe5 16. Nf3 Re8 17. e5 Ne4 18. Qe2 c5 19. a4
Qb6 20. Bf4 Rad8 21. axb5 axb5 22. Nd2 Nxd2 23. Qxd2 d4 24. Qd3 g6 25.
Qg3 Qe6 26. Ra7 Re7 27. cxd4 cxd4 28. Bd3 Bg7 29. h4 Qb6 30. Rea1 Rde8
31. R7a5 Bxe5 32. Rxb5 Bxf4 33. Qxf4 Qc6 34. f3 Ba6 35. Rb3 Bc4 36.
Bxc4 Qxc4 37. Rb8 Rxb8 38. Qxb8+ Kg7 39. Ra8 Qc1+ 40. Kh2 Qc7+ 41.
Qxc7 Rxc7 42. Ra4 Rd7 43. Kg3 d3 44. Ra1 Rb7 45. Rd1 Rxb2 46. Rxd3
1/2-1/2
*

[Event "World Cup 2009"]
[Site "0:01.07-0:00.55"]
[Date "2009.11.26"]
[Round "25"]
[White "Fressinet, Laurent"]
[Black "Alekseev, Evgeny"]
[Result "1/2-1/2"]
[WhiteElo "2653"]
[WhiteCountry "FRA"]
[BlackElo "2715"]
[BlackCountry "RUS"]
[Remark "WCC 2009 Match 018"]
[PresId "1000250018"]

1. d4 Nf6 2. c4 e6 3. Nf3 d5 4. Nc3 Be7 5. Bf4 O-O 6. a3 b6 7. cxd5
Nxd5 8. Nxd5 exd5 9. g3 c5 10. Bg2 Be6 11. O-O Nc6 12. Qa4 Qd7 13.
dxc5 bxc5 14. Rfd1 Rfd8 15. Ng5 Nd4 16. Qxd7 Rxd7 17. Nxe6 fxe6 18.
Kf1 Nb3 19. Rab1 c4 20. Kg1 Rc8 21. Be5 Bf6 22. Bxf6 gxf6 23. f4 d4
24. Be4 Nc5 25. Bf3 Nb3 26. Kf2 a5 27. g4 a4 28. g5 f5 29. e3 d3 30.
h4 c3 31. bxc3 Rxc3 32. h5 Rc2+ 33. Kg3 d2 34. Kf2 Rd3 35. Be2 Rdc3
36. h6 Ra2 37. Bb5 Rxa3 38. Rb2 Nc5 39. Be2 Rab3 40. Rbxd2 Ne4+ 41.
Kf1 Nxd2+ 42. Rxd2 Rb8 43. Kf2 a3 44. Rd7 Ra8 45. Bh5 a2 46. g6 hxg6
47. Bxg6 a1Q 48. Rg7+ Kh8 49. Rh7+ Kg8 50. Rg7+ Kh8 51. Rh7+ 1/2-1/2
*